000 00928nam a2200265 a 4500
001 000024684
005 20200930023317.0
008 110202s1973 sp r 000 0 spa d
020 _a843077324x
040 _aDO-SdBNP
_bspa
_cBNPHU
041 1 7 _aspa
_hger
_2Código de idiomas MARC
082 _ann*
_bnn*
100 1 _aKrickeberg, Klaus.
_950613
240 1 0 _aWahrscheinlichkeitstheorie.
_lEspañol
245 1 0 _aTeoría de la probabilidad /
_cKlaus Krickeberg ; traducción de Jaime Tortella ; prólogo de Eduard Bonet.
260 _aBarcelona :
_bTeide,
_c1973.
300 _a238 p. ;
_c19 cm.
490 1 _aObras básicas de formación cultural
534 _aTítulo original :
_tWahrscheinlichkeitstheorie
500 _aIncluye índice alfabético.
700 1 _aTortella, Jaime,
_etr.
_950614
700 1 _aBonet, Eduard,
_epról.
_950615
830 0 _aObras básicas de formación cultural
_950616
049 _aBNGR
999 _c24177
_d24177